<?xml version="1.0" encoding="UTF-8"?><?xml-stylesheet type="text/xsl" href="static/style.xsl"?><OAI-PMH xmlns="http://www.openarchives.org/OAI/2.0/" xmlns:xsi="http://www.w3.org/2001/XMLSchema-instance" xsi:schemaLocation="http://www.openarchives.org/OAI/2.0/ http://www.openarchives.org/OAI/2.0/OAI-PMH.xsd"><responseDate>2026-06-07T23:49:22Z</responseDate><request verb="GetRecord" identifier="oai:docta.ucm.es:20.500.14352/112470" metadataPrefix="marc">https://docta.ucm.es/rest/oai/request</request><GetRecord><record><header><identifier>oai:docta.ucm.es:20.500.14352/112470</identifier><datestamp>2025-03-18T12:55:02Z</datestamp><setSpec>com_20.500.14352_14</setSpec><setSpec>col_20.500.14352_21</setSpec></header><metadata><record xmlns="http://www.loc.gov/MARC21/slim" xmlns:dcterms="http://purl.org/dc/terms/" xmlns:xsi="http://www.w3.org/2001/XMLSchema-instance" xmlns:doc="http://www.lyncode.com/xoai" xsi:schemaLocation="http://www.loc.gov/MARC21/slim http://www.loc.gov/standards/marcxml/schema/MARC21slim.xsd">
   <leader>00925njm 22002777a 4500</leader>
   <datafield ind2=" " ind1=" " tag="042">
      <subfield code="a">dc</subfield>
   </datafield>
   <datafield ind2=" " ind1=" " tag="720">
      <subfield code="a">Tajahuerce Ángel, Isabel</subfield>
      <subfield code="e">author</subfield>
   </datafield>
   <datafield ind2=" " ind1=" " tag="720">
      <subfield code="a">Mateos Casado, Cristina</subfield>
      <subfield code="e">author</subfield>
   </datafield>
   <datafield ind2=" " ind1=" " tag="260">
      <subfield code="c">2020-08-10</subfield>
   </datafield>
   <datafield ind2=" " ind1=" " tag="520">
      <subfield code="a">La formación en género es fundamental en los estudios de comunicación, sólo así se podrá intervenir adecuadamente para poner fin a la violencia de género. Los medios de comunicación son elementos de socialización permanente, por ello las facultades de las universidades que imparten esta formación deben tenerlo en cuenta y crear materias especificas ,además de incluir la perspectiva de género transversalmente en otras asignaturas. Un ejemplo a seguir es la asignatura Comunicación y Género , que debe incluirse tanto en los estudios de periodismo que tratan la información, como en aquellos de comunicación en los que se forman quienes después desarrollarán productos de ocio y productos culturales, fundamentales para la deconstrucción de imaginarios que perviven y fomentan desigualdades. Las materias deben ser obligatorias y no solamente optativas, en grado y máster, porque los medios de comunicación crean opinión.</subfield>
   </datafield>
   <datafield ind1="8" ind2=" " tag="024">
      <subfield code="a">Tajahuerce Ángel, I. and Mateos Casado, C. (2022) “La formación en género en el ámbito de la comunicación: prevención e intervención en violencia contra las mujeres.” En: Investigaciones multidisciplinares de vanguardia para la academia del siglo XXI, 2022, ISBN 9788418614330, págs. 377-395. 2022. Tirant Humanidades. pp. 377–395</subfield>
   </datafield>
   <datafield ind1="8" ind2=" " tag="024">
      <subfield code="a">978-84-18534-70-6</subfield>
   </datafield>
   <datafield ind1="8" ind2=" " tag="024">
      <subfield code="a">https://hdl.handle.net/20.500.14352/112470</subfield>
   </datafield>
   <datafield ind1="8" ind2=" " tag="024">
      <subfield code="a">https://editorial.tirant.com/es/libro/investigaciones-multidisciplinares-de-vanguardia-para-la-academia-del-siglo-xxi-jose-rodriguez-terceno-9788418534706</subfield>
   </datafield>
   <datafield ind2="0" ind1="0" tag="245">
      <subfield code="a">La formación en género en el ámbito de la comunicación: prevención e intervención en violencia contra las mujeres</subfield>
   </datafield>
</record></metadata></record></GetRecord></OAI-PMH>